• 首页
  • 本馆介绍
  • 公告通知
  • 最新文献
  • 馆藏检索
  • 电子资源
  • 读者导购
  • 参考咨询
  • 我的图书馆
  • 登录
  • 详细信息显示
  • 放入我的书架
  • 预约/预借图书
  • 作者相关作品
  • 分类相关作品
  • 丛书相关作品
  • 出版社相关作品

书目信息

  • 表格格式
  • 工作单格式
  • 卡片格式
题名:
古典建筑与雕塑装饰艺术
    
 
作者: 理格耐特 编著
分册: 第九卷  
出版信息: 南京   江苏凤凰科学技术出版社  2016.01
页数: 407页
开本: 34cm
丛书名:
单 册:
中图分类: TU-852
科图分类:
主题词: 建筑艺术--关系
电子资源:
ISBN: 978-7-5537-5533-5
000 00597nam0 2200181 450
001 44
005 20161107103009.93
010    @a978-7-5537-5533-5@dCNY188.00
100    @a20160901d2016 km y0chiy0120 ea
101 0  @achi
200 1  @a古典建筑与雕塑装饰艺术@Agu dian jian zhu yu diao su zhuang shi yi shu@h第九卷@f(奥)理格耐特编著@F(ao)li ge nai te bian zhu
210    @a南京@c江苏凤凰科学技术出版社@d2016.01
215    @a407页@d34cm
606 0  @a建筑艺术@x关系
690    @aTU-852@v4
701  0 @a理格耐特@Ali ge nai te@4编著
801  0 @aCN@b唐山师范学院图书馆@c20160901
905    @aZUCC@dTU-852@e123:9
    
    古典建筑与雕塑装饰艺术.第九卷/(奥)理格耐特编著.-南京:江苏凤凰科学技术出版社,2016.01
    407页;34cm
    
    
    ISBN 978-7-5537-5533-5:CNY188.00
    
●
相关链接 在E读中查询图书 在五车中查询图书 在当当中查询图书 在豆瓣中查询图书


正题名:古典建筑与雕塑装饰艺术     索取号:TU-852/123:9         预约/预借

序号 登录号 条形码 馆藏地/架位号 状态 备注
1 900177   209001774   第二样本阅览室/ [索取号:TU-852/123:9] 在馆    
2 900178   209001783   第三借阅区/ [索取号:TU-852/123:9] 在馆    
唐山师范学院图书馆 欢迎您!
大连网信软件有限公司© 版权所有